LEADER 01034nam 2200337 n 450 001 996383634203316 005 20221108054819.0 035 $a(CKB)1000000000591399 035 $a(EEBO)2240910850 035 $a(UnM)99854918 035 $a(EXLCZ)991000000000591399 100 $a19920809d1582 uy | 101 0 $alat 135 $aurbn||||a|bb| 200 00$aAlberici Gentilis De iuris interpretibus dialogi sex$b[electronic resource] 210 $aLondini $cApud Iohannem VVolfium$d1582 215 $a76 [i.e. 56] leaves 300 $aSome pages missing in number only. 300 $aReproduction of the original in the Bodleian Library. 330 $aeebo-0014 606 $aRoman law$vEarly works to 1800 615 0$aRoman law 700 $aGentili$b Alberico$f1552-1608.$0242044 801 0$bCu-RivES 801 1$bCu-RivES 801 2$bCStRLIN 801 2$bWaOLN 906 $aBOOK 912 $a996383634203316 996 $aAlberici Gentilis De iuris interpretibus dialogi sex$9714818 997 $aUNISA